Asian Digital Libraries: Looking back 10 years and forging new frontiers ( 10th International Conference on Asia Digital Libraries, ICADL 2007- Hanoi, VIetnam, December 2007, proceeding)
Gardado en:
| Formato: | Libro |
|---|---|
| Idioma: | Undetermined |
| Publicado: |
Berlin
Springer
2007
|
| Những chủ đề: | |
| Các nhãn: |
Engadir etiqueta
Sen Etiquetas, Sexa o primeiro en etiquetar este rexistro!
|
| Thư viện lưu trữ: | Trung tâm Học liệu Trường Đại học Cần Thơ |
|---|
| LEADER | 00648nam a2200181Ia 4500 | ||
|---|---|---|---|
| 001 | CTU_170267 | ||
| 008 | 210402s9999 xx 000 0 und d | ||
| 082 | |a 025.00285 | ||
| 082 | |b A832 | ||
| 245 | 0 | |a Asian Digital Libraries: | |
| 245 | 0 | |b Looking back 10 years and forging new frontiers ( 10th International Conference on Asia Digital Libraries, ICADL 2007- Hanoi, VIetnam, December 2007, proceeding) | |
| 245 | 0 | |c Dion Hoe-Lian Goh ... [et all] | |
| 260 | |a Berlin | ||
| 260 | |b Springer | ||
| 260 | |c 2007 | ||
| 650 | |a Digital libraries,Thư viện số | ||
| 910 | |a Nguyên | ||
| 980 | |a Trung tâm Học liệu Trường Đại học Cần Thơ | ||